Purpose of the Risk Evaluation

Úloha zhodnotenia rizika v procese rizikového manažmentu. Tolerancia rizika a "chuť" na riziko. Vysvetlenie pojmov. Ilustrácia Project management assessment (PMA) vo veľkej firme.

Gespeichert in:
Bibliographische Detailangaben
1. Verfasser: Majtán, Štefan
Weitere Verfasser: Rybárová, Daniela, 1967-
Format: Buchkapitel
Sprache:Englisch
Schlagworte:
Tags: Tag hinzufügen
Keine Tags, Fügen Sie das erste Tag hinzu!

MARC

LEADER 00000naa$a2200000$$$4500
001 0091222
005 20240520091707.8
041 0 |a eng 
044 |a PL 
245 1 0 |a Purpose of the Risk Evaluation  |c Štefan Majtán, Daniela Rybárová 
520 |a Úloha zhodnotenia rizika v procese rizikového manažmentu. Tolerancia rizika a "chuť" na riziko. Vysvetlenie pojmov. Ilustrácia Project management assessment (PMA) vo veľkej firme. 
610 2 0 |a riziko 
610 2 0 |a risk management 
610 2 0 |a oceňovanie 
610 2 0 |a tolerancia 
610 2 0 |a podnik veľký 
100 1 |a Majtán, Štefan 
700 1 |a Rybárová, Daniela, 1967-